01994nam a2200361 a 4500008004100000020001800041041000800059100002400067245014200091250011800233260003600351300002200387500018700409653005400596653005000650653005900700653003300759653008000792653008300872653011900955653005301074653005501127653009401182653009701276653006501373700002901438700002901467700002501496700002701521700002701548700003001575700002701605110811t2009 ag a f |||| 001 0 spa d a9789872523503 aspa1 aMoizeszowicz, Julio aPsicofarmacología psicodinámica IV. bActualizaciones 2009. Estrategias terapéuticas y psiconeurobiológicas /cJulio Moizeszowicz a1a ed.bCompilación del "XVIII Curso intensivo-interactivo de actualización en Psicofarmacología Clínica" aBuenos Aires:bFundoPsi;c2009. a156 p.c20x15 cm. aMoizeszowicz, J. et al. (2009). Psicofarmacología. Psicodinámica IV. Actualizaciones 2009. Estrategias terapéuticas y psiconeurobiológicas. (1a ed.). Buenos Aires : Fundopsi. aMundo real: depresiones encubiertas y resistentes aTratamiento psicofarmacológico del burn-out aDepresión resistente: nuevas opciones terapéuticas 3aLa mujer y sus circustancias aConsecuencias del estrés y de los trastornos mentales durante el embarazo aManejo de las alteraciones psíquicas en la transición periposmenopáusica aVentajas de prevención del parto pretérmino sobre el manejo del recién nacido prematuro: costos y beneficios aSobre genes, genomas, lo heredado y lo adquirido aNuevos paradigmas entre lo heredado y lo adquirido 4aDos puntos polémicos del trastorno bipolar. ¿es hereditario? ¿se usan antidepresivos? aCáncer de mama: procesamiento de la incertidumbre y mecanismos psicobiológicos complejos aPrograma interactivo de preguntas y respuestas del auditorio1 aBentolila, SilviaeCols.1 aFrieder, PatriciaeCols.1 aGuala, SergioeCols.1 aMarmer, MarceloeCols.1 aMonczor, MyriameCols.1 aKornblihtt, AlberteCols.1 aMarquez, MigueleCols.